Zámková dlažba KŘÍŽ

Uložené v:
Podrobná bibliografia
Korporatívny autor: STAVCEM s.r.o. (Dolecká 117, 551 01 Jaroměř, ČR) (Author)
Médium: Kniha
Jazyk:Czech
Vydané: 2004
Fyzický popis: 1 l.
Tagy: Pridať tag
Žiadne tagy, Buďte prvý kto otaguje tento záznam!

MARC

LEADER 00000nam a2200000 a 4500
001 000326708
005 20050222093629.0
008 050222s2004 e czeo
040 |a KE001  |b slo 
080 |a 625.821.5  |2 undef 
110 2 |a STAVCEM s.r.o. (Dolecká 117, 551 01 Jaroměř, ČR)  |4 aut 
245 1 0 |a Zámková dlažba KŘÍŽ 
260 |c 2004 
300 |a 1 l. 
850 |a KE001 
998 |a FL 
992 |a FFP 
090 |g SCKHL  |k SK42  |a 625.821.5  |j 210153  |i I472  |4 zastaraná  |s Vyradená